Eastern Utah Libraries Catalog: Duchesne, Heber, Roosevelt, & Vernal

Ghosts of Iron Mountain : (Record no. 407269)

MARC details
000 -LEADER
fixed length control field 03183nam a2200421 i 4500
001 - CONTROL NUMBER
control field in902954149
005 - DATE AND TIME OF LATEST TRANSACTION
control field 20250428132925.0
008 - FIXED-LENGTH DATA ELEMENTS--GENERAL INFORMATION
fixed length control field 250320s2025 nyu b 001 0 eng d
020 ## - INTERNATIONAL STANDARD BOOK NUMBER
International Standard Book Number 9781668050491
Qualifying information (hardback)
035 ## - SYSTEM CONTROL NUMBER
System control number (OCoLC)1474546080
040 ## - CATALOGING SOURCE
Original cataloging agency TnLvILS
Language of cataloging eng
Transcribing agency TnLvILS
Description conventions rda
043 ## - GEOGRAPHIC AREA CODE
Geographic area code n-us---
050 #4 - LIBRARY OF CONGRESS CALL NUMBER
Classification number E839
Item number .T59 2025
082 04 - DEWEY DECIMAL CLASSIFICATION NUMBER
Classification number 973.9
Edition number 23/eng/20250320
092 ## - LOCALLY ASSIGNED DEWEY CALL NUMBER (OCLC)
Classification number general nonfiction
Item number 973.9 Tinline, Phil
100 1# - MAIN ENTRY--PERSONAL NAME
Personal name Tinline, Phil,
Relator term author.
9 (RLIN) 6543655
245 10 - TITLE STATEMENT
Title Ghosts of Iron Mountain :
Remainder of title the hoax of the century, its enduring impact, and what it reveals about America today /
Statement of responsibility, etc Phi Tinline ; foreword by Kai Bird.
250 ## - EDITION STATEMENT
Edition statement First Scribner hardcover edition.
264 #1 - Production, Publication, Distribution, Manufacture, and Copyright Notice.
Place of production, publication, distribution, manufacture New York :
Name of producer, publisher, distributor, manufacturer Scribner,
Date of production, publication, distribution, manufacture, or copyr 2025.
300 ## - PHYSICAL DESCRIPTION
Extent xvi, 336 pages ;
Dimensions 24 cm
336 ## - Content Type
Content type term text
337 ## - Media type
Media type term unmediated
338 ## - Carrier type
Carrier type term volume
504 ## - BIBLIOGRAPHY, ETC. NOTE
Bibliography, etc Includes bibliographical references (pages 303-316) and index.
505 0# - FORMATTED CONTENTS NOTE
Formatted contents note What happened? -- The power elite -- The unthinkable -- The conspirators -- Iron Mountain -- The lobby -- Mister X and the high cabal -- Blueprint for tyranny -- The ghost of Lee Harvey Oswald -- They want to kill everybody -- As if.
520 ## - SUMMARY, ETC.
Summary, etc "Delve into the labyrinth of America's conspiracy culture with this investigative [work] that unearths the roots of our era's most potent myths. In 1966, amid unrest over the Vietnam War and the alarming growth of the military-industrial complex, little-known writer Leonard Lewin was approached by a group of ... satirists on the Left to concoct a document that would pretend to ratify everyone's fears that the government was deceiving the public. Devoting more than a year to the project, Lewin constructed a fiction ... that a government-run Study Group had been charged with examining the 'cost of peace,' setting its first meetings in the very real Iron Mountain nuclear bunker in upstate New York. ... In Lewin's telling, this gathering of the nation's academic elite concluded that suspending war would be disastrous, forcing all sorts of bizarre measures to compensate. ... What fascinates about Phil Tinline's revelation-filled recreation of that ... hoax is seeing how it explodes into America's consciousness, dominates media reports, and sends government officials scrambling. And then, subsequently, how Lewin's fabrication is adopted by a seemingly endless string of extremist organizations which view it as supporting their ideology"--
600 10 - SUBJECT ADDED ENTRY--PERSONAL NAME
Personal name Lewin, Leonard C.
Title of a work Report from Iron Mountain.
9 (RLIN) 6543656
650 #0 - SUBJECT ADDED ENTRY--TOPICAL TERM
Topical term or geographic name as entry element Vietnam War, 1961-1975
General subdivision Deception
Geographic subdivision United States.
9 (RLIN) 6543657
650 #0 - SUBJECT ADDED ENTRY--TOPICAL TERM
Topical term or geographic name as entry element Vietnam War, 1961-1975
General subdivision Influence.
9 (RLIN) 101882
650 #0 - SUBJECT ADDED ENTRY--TOPICAL TERM
Topical term or geographic name as entry element Hoaxes
Geographic subdivision United States
-- History.
9 (RLIN) 6543658
650 #0 - SUBJECT ADDED ENTRY--TOPICAL TERM
Topical term or geographic name as entry element Conspiracy theories
Geographic subdivision United States
-- History.
9 (RLIN) 6543659
650 #0 - SUBJECT ADDED ENTRY--TOPICAL TERM
Topical term or geographic name as entry element Disinformation
Geographic subdivision United States
-- History.
9 (RLIN) 6543660
650 #0 - SUBJECT ADDED ENTRY--TOPICAL TERM
Topical term or geographic name as entry element Fake news
Geographic subdivision United States
-- History.
9 (RLIN) 6543661
651 #0 - SUBJECT ADDED ENTRY--GEOGRAPHIC NAME
Geographic name United States
General subdivision Politics and government
Chronological subdivision 20th century.
9 (RLIN) 93271
651 #0 - SUBJECT ADDED ENTRY--GEOGRAPHIC NAME
Geographic name United States
General subdivision Politics and government
Chronological subdivision 21st century.
9 (RLIN) 5700059
700 1# - ADDED ENTRY--PERSONAL NAME
Personal name Bird, Kai,
Relator term writer of foreword.
9 (RLIN) 5951244
942 ## - ADDED ENTRY ELEMENTS (KOHA)
Source of classification or shelving scheme Dewey Decimal Classification
Koha item type BOOK
Holdings
Withdrawn status Lost status Source of classification or shelving scheme Damaged status Not for loan Collection code Home library Current library Shelving location Date acquired Source of acquisition Total Checkouts Total Renewals Full call number Barcode Date last seen Date checked out Cost, replacement price Price effective from Koha item type
    Dewey Decimal Classification     General NonFiction Wasatch County Library Wasatch County Library Second Floor 04/28/2025   2 1 973.9 Tinline 34301002114686 07/09/2025 06/18/2025 29.99 04/28/2025 BOOK
This project was made possible through a grant from the Institute of Museum and Library Service administered by the Utah State Library Division.

Wasatch County Library

  • 465 East 1200 South, Heber City, Utah 84032
  • Phone 435-654-1511 | Fax 435-654-6456

Hours

  • Monday - Friday 9:30 AM - 8:00 PM
  • Saturday 9:30 AM - 1:30 PM
  • Closed Sundays and Holidays